000 00826nam0a22002531 4500
001 rc\322856
005 20250621034902.0
010 _a5-265-00797-0
_9100000
035 _a(NLR Aleph) 005557041
090 _a5871290
_c5871290
100 _a20030307d1989 |||y0rusy50 ca
101 0 _arus
102 _aRU
105 _ay |||||||||
200 1 _aТигр скал
_eПовесть
_fМирон Хергиани
_gПер. с груз. К. Коринтэли
210 _aМ.
_cСов. писатель
_d1989
215 _a206, [1] с.
_d20
300 _aПеред вып. дан. авт.: Мирон Буджаевич Хергиани
700 1 _aХергиани
_bМ.Б.
_gМирон Буджаевич
801 0 _aRU
_bNLR
_gpsbo
801 1 _aRU
_bELAR
_2rusmarc
852 _aNLR
_j89-3/6082
942 _cBOOK
980 _aNB